| 000 | 00647nam a2200193 i 4500 | ||
|---|---|---|---|
| 001 | 57457 | ||
| 003 | ES-MaACL | ||
| 005 | 20230906163600.0 | ||
| 007 | t| | ||
| 008 | 031016s1962 sp ||||1| spa d | ||
| 100 | 1 |
_aDorfman, Robert. _945401 |
|
| 245 | 1 | 0 |
_aProgramación lineal y análisis económico / _cRobert Dorfman, Paul A. Samuelson, Robert M. Solow ; traducción del inglés por Anselmo Calleja. |
| 260 |
_aMadrid : _bAguilar, _c1962. |
||
| 300 |
_aXXIII, 572 p. ; _c25 cm. |
||
| 700 | 1 |
_aSamuelson, Paul A. _9102222 |
|
| 700 | 1 |
_aSolow, Robert M. _9107247 |
|
| 700 | 1 |
_aCalleja, Anselmo. _933713 |
|
| 852 |
_aES-MaACL _jC-21979 _bR.50788 |
||
| 999 |
_c57457 _d57457 |
||